000 00399 a2200145 4500
999 _c1265
_d1265
020 _a1779002556
050 _aGV361.BAR 2001
100 _aBarker., R.E
245 _aPrimary physical education:
_ba games skills approach.,
_cR.E Barker
264 _aHarare:
_bCollege press.,
_c2001
300 _a151pages
500 _aIncludes index
650 _agames and sports
942 _2lcc
_cBK
_h361
_iBAR
_kGV